تحميل...
International financial management
| المؤلف الرئيسي: | |
|---|---|
| مؤلفون آخرون: | |
| التنسيق: | Printed Book |
| منشور في: |
New Delhi
PHI Learning Pvt. Ltd.
2011
|
| الموضوعات: |
| LEADER | 00536cam a2200169ua 4500 | ||
|---|---|---|---|
| 020 | |a 9788120343757 | ||
| 082 | |a 658.1599 |b BEK-I | ||
| 100 | |a Beckaert,Geert. | ||
| 245 | |a International financial management | ||
| 260 | |a New Delhi |b PHI Learning Pvt. Ltd. |c 2011 | ||
| 300 | |a 810p. | ||
| 650 | |a Financial management | ||
| 650 | |a Capital markets | ||
| 700 | |a Hodrick,Robert J. | ||
| 942 | |c BK | ||
| 999 | |c 42601 |d 42601 | ||
| 952 | |0 0 |1 0 |4 0 |6 658_159900000000000_BEKI |7 0 |9 54562 |a KU |b KU |d 2015-07-05 |l 1 |o 658.1599 BEK-I |p MB06055 |r 2019-11-26 |s 2019-11-08 |y BK | ||